Management (Record no. 49827)

MARC details
000 -LEADER
fixed length control field 00582nam a2200181 a 4500
008 - FIXED-LENGTH DATA ELEMENTS--GENERAL INFORMATION
fixed length control field 120416s1978 ||||||||||||||||| || u
050 ## - LIBRARY OF CONGRESS CALL NUMBER
Classification number HD 31 Dal
100 ## - MAIN ENTRY--PERSONAL NAME
Personal name Dale, Ernest
245 10 - TITLE STATEMENT
Title Management
246 ## - VARYING FORM OF TITLE
Title proper/short title theory and practice
250 ## - EDITION STATEMENT
Edition statement 4th ed
260 ## - PUBLICATION, DISTRIBUTION, ETC.
Place of publication, distribution, etc. New York
Name of publisher, distributor, etc. McGraw-Hill
Date of publication, distribution, etc. 1978
300 ## - PHYSICAL DESCRIPTION
Extent xii, 656p. : ill.
350 ## - PRICE (NR) (BK AM CF MU VM SE) [OBSOLETE]
Price 0.00
650 #0 - SUBJECT ADDED ENTRY--TOPICAL TERM
Topical term or geographic name entry element INDUSTRIAL MANAGEMENT
650 #0 - SUBJECT ADDED ENTRY--TOPICAL TERM
Topical term or geographic name entry element MANAGEMENT
995 ## - RECOMMENDATION 995 [LOCAL, UNIMARC FRANCE]
-- 0.00
-- CBU-MAIN LIBRARY (Kitwe)
-- 1
-- 0.00
-- 1
-- LOST
-- Mar 11, 2013
-- Main Library Open Access Collection
Holdings
Withdrawn status Lost status Source of classification or shelving scheme Damaged status Not for loan Home library Current library Shelving location Date acquired Total Checkouts Full call number Barcode Date last seen Price effective from Koha item type
          CBU-MAIN LIBRARY, KITWE. CBU-MAIN LIBRARY, KITWE.   11/30/2022   HD 31 Dal 000430 11/30/2022 11/30/2022 MONOGRAPH